[Event "Sachsen-Anhalt Verbandsliga 1920"]
[Site "Sachsen Anhalt"]
[Date "2020.01.19"]
[Round "5.7"]
[White "Hillmann, Ralf"]
[Black "Richter, Philipp1111"]
[Result "1-0"]
[WhiteElo "1822"]
[BlackElo "1772"]
[PlyCount "31"]
[EventDate "2019.09.29"]
[EventType "team-tourn"]
[EventRounds "9"]
[EventCountry "GER"]
[SourceTitle "EXT 2023"]
[Source "ChessBase"]
[SourceDate "2022.10.05"]
[SourceVersion "1"]
[SourceVersionDate "2022.10.05"]
[SourceQuality "1"]
[WhiteTeam "Naumburg"]
[BlackTeam "Graefenhainichen"]
[WhiteTeamCountry "GER"]
[BlackTeamCountry "GER"]

1. d4 Nf6 2. Nf3 d5 3. e3 Bg4 4. c4 e6 5. Nc3 Nbd7 6. Qb3 Bxf3 7. gxf3 c5 8. cxd5 cxd4 9. dxe6 dxc3 10. exd7+ Nxd7 11. bxc3 Qf6 12. Bb2 Qxf3 13. Rg1 a6 14. Rg3 Qh5 15. Qa4 b5 16. Qe4+ 1-0

[Event "Sachsen-Anhalt Landesliga B 18/19"]
[Site "Sachsen Anhalt"]
[Date "2019.02.03"]
[Round "6.1"]
[White "Richter, Andreas"]
[Black "Hillmann, Ralf"]
[Result "1/2-1/2"]
[WhiteElo "1866"]
[BlackElo "1968"]
[PlyCount "123"]
[EventDate "2018.09.23"]
[EventType "team-tourn"]
[EventRounds "9"]
[EventCountry "GER"]
[SourceTitle "EXT 2022"]
[Source "ChessBase"]
[SourceDate "2021.10.06"]
[SourceVersion "1"]
[SourceVersionDate "2021.10.06"]
[SourceQuality "1"]
[WhiteTeam "Halle Einheit III"]
[BlackTeam "Naumburg II"]
[WhiteTeamCountry "GER"]
[BlackTeamCountry "GER"]

1. d4 d5 2. c4 e6 3. Nc3 c6 4. Nf3 f5 5. g3 Nf6 6. Bg2 Be7 7. 0-0 0-0 8. a4 Nbd7 9. cxd5 exd5 10. Qc2 Ne4 11. Ne5 Nxe5 12. dxe5 Qb6 13. Nxe4 fxe4 14. Be3 Qc7 15. Bd4 Be6 16. f4 Qd7 17. Bc5 Bxc5+ 18. Qxc5 b6 19. Qa3 c5 20. Rfd1 Qc6 21. Rac1 a5 22. e3 Rad8 23. b3 Qe8 24. Qb2 Qe7 25. Bf1 g5 26. Qc2 Rf7 27. Be2 Rg7 28. Rf1 Rf8 29. Rf2 Bf5 30. Qd2 Rd8 31. Qb2 h6 32. g4 gxf4 33. Rxf4 Qg5 34. Kh1 Be6 35. Rcf1 h5 36. Bd1 Bxg4 37. Bxg4 hxg4 38. Qf2 g3 39. Rf8+ Rxf8 40. Qxf8+ Kh7 41. hxg3 Qxg3 42. Qf5+ Qg6 43. e6 Qxf5 44. Rxf5 Kg6 45. Rxd5 Kf6 46. Rh5 Re7 47. Kg2 Rxe6 48. Kf2 Ke7 49. Ke2 Kd6 50. Kd2 Kc6 51. Rh4 b5 52. axb5+ Kxb5 53. Kc3 Re5 54. Rg4 c4 55. bxc4+ Kc5 56. Rg8 Re7 57. Ra8 Rd7 58. Rxa5+ Kc6 59. Ra3 Kc5 60. Ra5+ Kc6 61. Ra6+ Kc5 62. Ra5+ 1/2-1/2

[Event "Sachsen-Anhalt Landesliga B 18/19"]
[Site "Sachsen Anhalt"]
[Date "2018.11.25"]
[Round "4.1"]
[White "Michael, Dirk"]
[Black "Hillmann, Ralf"]
[Result "0-1"]
[WhiteElo "2081"]
[BlackElo "1977"]
[PlyCount "86"]
[EventDate "2018.09.23"]
[EventType "team-tourn"]
[EventRounds "9"]
[EventCountry "GER"]
[SourceTitle "EXT 2022"]
[Source "ChessBase"]
[SourceDate "2021.10.06"]
[SourceVersion "1"]
[SourceVersionDate "2021.10.06"]
[SourceQuality "1"]
[WhiteTeam "Hettstedt"]
[BlackTeam "Naumburg II"]
[WhiteTeamCountry "GER"]
[BlackTeamCountry "GER"]

1. c4 Nf6 2. Nc3 e6 3. e3 d5 4. b3 c5 5. g4 d4 6. exd4 cxd4 7. Na4 Nc6 8. a3 e5 9. g5 Nd7 10. d3 Be7 11. Nf3 b5 12. cxb5 Qa5+ 13. Nd2 Qxb5 14. Ne4 Nb6 15. Bg2 Be6 16. Nxb6 axb6 17. a4 Qa5+ 18. Bd2 Nb4 19. 0-0 Rc8 20. Qe1 0-0 21. f4 exf4 22. Rxf4 Qe5 23. Bxb4 Bxb4 24. Qh4 Kh8 25. Raf1 Rc2 26. g6 h6 27. gxf7 Rc7 28. Qg3 Be7 29. Qg6 Rc1 30. Rxc1 Qxf4 31. Rf1 Bxf7 32. Qxb6 Qe3+ 33. Kh1 Qxd3 34. Qb7 Bg6 35. Ng3 Rxf1+ 36. Bxf1 Qe3 37. Qc6 Kh7 38. Qd5 d3 39. a5 Bc5 40. Qg2 d2 41. Be2 d1Q+ 42. Bxd1 Qe1+ 43. Nf1 Qxd1 0-1

[Event "Oberliga Ost-B 1819"]
[Site "Germany"]
[Date "2018.11.10"]
[Round "2.7"]
[White "Hillmann, Ralf"]
[Black "Sergin, Mark"]
[Result "0-1"]
[WhiteElo "1977"]
[BlackElo "2163"]
[PlyCount "110"]
[EventDate "2018.10.21"]
[EventType "team-tourn"]
[EventRounds "11"]
[EventCountry "GER"]
[SourceTitle "EXT 2020"]
[Source "ChessBase"]
[SourceDate "2019.10.17"]
[SourceVersion "1"]
[SourceVersionDate "2019.10.17"]
[SourceQuality "1"]
[WhiteTeam "Naumburg"]
[BlackTeam "Neuberg"]
[WhiteTeamCountry "GER"]
[BlackTeamCountry "GER"]

1. d4 Nf6 2. Nf3 e6 3. e3 c5 4. Bd3 Nc6 5. 0-0 d5 6. b3 Ne4 7. Bb2 Be7 8. Ne5 cxd4 9. exd4 Nxe5 10. dxe5 Nc5 11. Be2 Bd7 12. Nd2 Bc6 13. Nf3 Qb6 14. Bd4 0-0 15. c3 Qc7 16. Qc2 Rfc8 17. Nd2 b5 18. f4 g6 19. Bf3 Bb7 20. Rae1 a5 21. g4 Nd7 22. Qd3 Bc5 23. Rc1 Qb6 24. Be2 b4 25. Nf3 bxc3 26. Qxc3 a4 27. b4 Bxd4+ 28. Qxd4 a3 29. Kf2 Ra4 30. Rxc8+ Bxc8 31. Qxb6 Nxb6 32. Rb1 Ba6 33. Nd2 Bxe2 34. Kxe2 d4 35. Ne4 Kf8 36. Nf6 Nc4 37. Rb3 Nb2 38. Nd7+ Ke7 39. Nc5 Ra8 40. b5 Rb8 41. Rb4 Rc8 42. b6 d3+ 43. Nxd3 Rc2+ 44. Ke3 Rc3 45. b7 Nxd3 46. b8Q Nxb4+ 47. Ke2 Nxa2 48. Qb1 Rb3 49. Qg1 Nc3+ 50. Kd2 a2 51. Qc5+ Kd7 52. Qd4+ Ke8 53. Qc4 Ne4+ 54. Ke2 Rb2+ 55. Ke3 a1Q 0-1

[Event "Leipzig VfB op 15th"]
[Site "Leipzig"]
[Date "2008.02.29"]
[Round "6"]
[White "Hillmann, Ralf"]
[Black "Filipiak, Thomas"]
[Result "0-1"]
[WhiteElo "1983"]
[BlackElo "2104"]
[PlyCount "50"]
[EventDate "2008.02.26"]
[EventType "swiss"]
[EventRounds "9"]
[EventCountry "GER"]
[SourceTitle "CBM 123 Extra"]
[Source "ChessBase"]
[SourceDate "2008.05.06"]
[SourceVersion "1"]
[SourceVersionDate "2008.05.06"]
[SourceQuality "1"]

1. d4 Nf6 2. Bg5 e6 3. e3 c5 4. c3 d5 5. Nd2 Be7 6. Bxf6 Bxf6 7. Ngf3 0-0 8. Bd3 Nd7 9. h4 g6 10. Qe2 Re8 11. 0-0-0 Qa5 12. e4 cxd4 13. cxd4 Qxa2 14. e5 Bg7 15. h5 Nb6 16. Bb1 Qa4 17. hxg6 fxg6 18. Qd3 Bd7 19. Bc2 Qa1+ 20. Nb1 Nc4 21. Qc3 Rac8 22. Rxh7 Kxh7 23. Rh1+ Kg8 24. Qd3 Qxb2+ 25. Kd1 Qxb1+ 0-1

[Event "Leipzig VfB op 15th"]
[Site "Leipzig"]
[Date "2008.02.26"]
[Round "1"]
[White "Grakovitch, Rudolf"]
[Black "Hillmann, Ralf"]
[Result "0-1"]
[WhiteElo "1449"]
[BlackElo "1983"]
[PlyCount "94"]
[EventDate "2008.02.26"]
[EventType "swiss"]
[EventRounds "9"]
[EventCountry "GER"]
[SourceTitle "CBM 123 Extra"]
[Source "ChessBase"]
[SourceDate "2008.05.06"]
[SourceVersion "1"]
[SourceVersionDate "2008.05.06"]
[SourceQuality "1"]

1. d4 f5 2. g3 g6 3. Bg2 Nf6 4. c3 Bg7 5. Nf3 d5 6. 0-0 0-0 7. Ne5 e6 8. Bg5 Qe8 9. Bxf6 Bxf6 10. f4 c5 11. e3 Qe7 12. Nd2 b5 13. a3 Bxe5 14. dxe5 Bb7 15. Nf3 Nc6 16. b4 Rfd8 17. Qe2 a6 18. h4 h6 19. Kf2 Rac8 20. Rh1 d4 21. exd4 cxd4 22. cxd4 Nxd4 23. Nxd4 Rxd4 24. Rac1 Qd7 25. Bxb7 Rxc1 26. Rxc1 Rd2 27. Rc8+ Kf7 28. Qxd2 Qxd2+ 29. Kg1 Qd7 30. Bxa6 Qa7+ 31. Kh2 Qxa6 32. Rc7+ Kf8 33. h5 gxh5 34. Rh7 Qxa3 35. Rxh6 Qxb4 36. Rxe6 Qc4 37. Rf6+ Ke7 38. Rh6 b4 39. Kh3 b3 40. Rxh5 Qf1+ 41. Kh4 Qh1+ 42. Kg5 Qxh5+ 43. Kxh5 b2 44. g4 b1Q 45. g5 Kf7 46. g6+ Kg7 47. Kg5 Qe4 0-1

[Event "Gotha op 8th"]
[Site "Gotha"]
[Date "2006.11.17"]
[Round "9"]
[White "Kurenkov, Nikolai"]
[Black "Hillmann, Ralf"]
[Result "1-0"]
[WhiteElo "2447"]
[BlackElo "1963"]
[PlyCount "32"]
[EventDate "2006.11.13"]
[EventType "swiss"]
[EventRounds "9"]
[EventCountry "GER"]
[SourceTitle "EXT 2008"]
[Source "ChessBase"]
[SourceDate "2007.11.25"]
[SourceVersion "1"]
[SourceVersionDate "2007.11.25"]
[SourceQuality "1"]

1. e4 d5 2. exd5 Qxd5 3. Nc3 Qd6 4. d4 Nf6 5. Nf3 a6 6. Bd3 Nbd7 7. Bg5 e6 8. Qd2 c5 9. Ne4 Nxe4 10. Bxe4 f5 11. Bd3 cxd4 12. 0-0 Be7 13. Bxe7 Kxe7 14. Rae1 Qd5 15. Qb4+ Qc5 16. Qxd4 Qxd4 1-0

[Event "Gotha op 8th"]
[Site "Gotha"]
[Date "2006.11.14"]
[Round "3"]
[White "Fritsch, Wolfgang"]
[Black "Hillmann, Ralf"]
[Result "1/2-1/2"]
[WhiteElo "1969"]
[BlackElo "1963"]
[PlyCount "104"]
[EventDate "2006.11.13"]
[EventType "swiss"]
[EventRounds "9"]
[EventCountry "GER"]
[SourceTitle "EXT 2008"]
[Source "ChessBase"]
[SourceDate "2007.11.25"]
[SourceVersion "1"]
[SourceVersionDate "2007.11.25"]
[SourceQuality "1"]

1. e4 d5 2. exd5 Qxd5 3. Nc3 Qd6 4. Be2 Nf6 5. Nf3 a6 6. d3 b5 7. a3 Bb7 8. 0-0 e6 9. Ng5 c5 10. Nge4 Nxe4 11. Nxe4 Bxe4 12. dxe4 Nc6 13. c3 Rd8 14. Qc2 Be7 15. Rd1 Qc7 16. Rxd8+ Nxd8 17. a4 c4 18. axb5 axb5 19. b3 0-0 20. bxc4 bxc4 21. Ra4 Nc6 22. Rxc4 Qb7 23. Ra4 Rb8 24. Ra1 Bc5 25. Bd3 h6 26. Rb1 Qa7 27. Rxb8+ Nxb8 28. Bf4 Nd7 29. Qb2 Nf6 30. Qb8+ Qxb8 31. Bxb8 h5 32. h3 Nd7 33. Bf4 e5 34. Bd2 Nb6 35. Kf1 Kf8 36. Ke2 Ke7 37. Be3 Kd6 38. Bxc5+ Kxc5 39. Kd2 f6 40. Be2 g6 41. g3 Nc8 42. f4 Nd6 43. Bd3 Nf7 44. Ke3 g5 45. Be2 h4 46. gxh4 gxh4 47. Bh5 exf4+ 48. Kxf4 Ng5 49. Bg4 Kc4 50. e5 Nxh3+ 51. Kf5 fxe5 52. Bxh3 Kxc3 1/2-1/2

[Event "Leipzig VfB op 11th"]
[Site "Leipzig"]
[Date "2004.03.18"]
[Round "4"]
[White "Vieten, Mario"]
[Black "Hillmann, Ralf"]
[Result "0-1"]
[WhiteElo "1721"]
[BlackElo "2032"]
[PlyCount "72"]
[EventDate "2004.03.16"]
[EventType "swiss"]
[EventRounds "9"]
[EventCountry "GER"]
[SourceTitle "EXT 2007"]
[Source "ChessBase"]
[SourceDate "2006.11.23"]
[SourceVersion "1"]
[SourceVersionDate "2006.11.23"]
[SourceQuality "1"]

1. Nc3 d5 2. e4 d4 3. Nce2 e5 4. Ng3 Nf6 5. Bc4 h5 6. h4 Bg4 7. Nf3 Nc6 8. d3 Bd6 9. Bg5 Na5 10. c3 0-0 11. Bb3 Nxb3 12. Qxb3 c5 13. Nd2 Be6 14. c4 g6 15. a4 Kg7 16. Ke2 Qc7 17. Bxf6+ Kxf6 18. f3 Kg7 19. Kf2 Rab8 20. Qd1 a6 21. Ndf1 b5 22. cxb5 axb5 23. a5 c4 24. Qd2 Qe7 25. a6 Bb4 26. Nxh5+ gxh5 27. Qg5+ Qxg5 28. hxg5 Kg6 29. Ng3 Rh8 30. a7 Ra8 31. Ra6 Kxg5 32. Nf5 Bxf5 33. exf5 h4 34. Rha1 Rhc8 35. Rc1 c3 36. b3 Rc7 0-1

[Event "Leipzig VfB op 11th"]
[Site "Leipzig"]
[Date "2004.03.16"]
[Round "1"]
[White "Hillmann, Ralf"]
[Black "Wang, Zhangxian"]
[Result "1/2-1/2"]
[WhiteElo "2032"]
[BlackElo "1499"]
[PlyCount "44"]
[EventDate "2004.03.16"]
[EventType "swiss"]
[EventRounds "9"]
[EventCountry "GER"]
[SourceTitle "EXT 2007"]
[Source "ChessBase"]
[SourceDate "2006.11.23"]
[SourceVersion "1"]
[SourceVersionDate "2006.11.23"]
[SourceQuality "1"]

1. d4 c6 2. Nf3 d5 3. c3 Bf5 4. Bg5 Qb6 5. Qb3 Nd7 6. Nbd2 Ngf6 7. e3 e6 8. Be2 Bd6 9. c4 0-0 10. c5 Qxb3 11. axb3 Bc7 12. Nh4 Be4 13. f3 Bg6 14. Nxg6 hxg6 15. f4 a6 16. 0-0 Rfe8 17. Ra3 Rab8 18. Rfa1 a5 19. b4 axb4 20. Ra7 Rec8 21. R1a4 b5 22. cxb6 Bxb6 1/2-1/2

[Event "Leipzig VfB op 10th"]
[Site "Leipzig"]
[Date "2003.03.12"]
[Round "3"]
[White "Gempe, Thomas"]
[Black "Hillmann, Ralf"]
[Result "1-0"]
[WhiteElo "2222"]
[BlackElo "2042"]
[PlyCount "99"]
[EventDate "2003.03.11"]
[EventType "swiss"]
[EventRounds "9"]
[EventCountry "GER"]
[SourceTitle "EXT 2008"]
[Source "ChessBase"]
[SourceDate "2007.11.25"]
[SourceVersion "1"]
[SourceVersionDate "2007.11.25"]
[SourceQuality "1"]

1. e4 d5 2. exd5 Qxd5 3. Nc3 Qa5 4. Bc4 Bf5 5. d3 e6 6. Bd2 Qb6 7. Nge2 Bd6 8. 0-0 Ne7 9. Be3 c5 10. b4 Nd7 11. bxc5 Nxc5 12. Bb5+ Kf8 13. d4 Ne4 14. Nxe4 Bxe4 15. Bd3 Bxd3 16. Qxd3 Qc7 17. c4 Nf5 18. c5 Bxh2+ 19. Kh1 Rd8 20. Qe4 Rd5 21. g3 Bxg3 22. fxg3 Qxg3 23. Rf3 Qg6 24. Rh3 Ne7 25. Qxg6 Nxg6 26. Rb1 Ke7 27. Rxb7+ Rd7 28. Rb2 h6 29. Bg1 Rhd8 30. Bh2 e5 31. dxe5 Ke6 32. Ra3 Rc8 33. Ra6+ Ke7 34. c6 Rd1+ 35. Kg2 Ke6 36. c7+ Kd7 37. Rxa7 Nh4+ 38. Kh3 Nf3 39. Kg2 Ne1+ 40. Kg3 Rd3+ 41. Kf2 Nf3 42. Nf4 Nxe5 43. Ke2 Rd4 44. Rb5 Nc6 45. Rab7 Re8+ 46. Kf3 Ne5+ 47. Kg2 Rd2+ 48. Kh3 Rc2 49. Nd5 Kc6 50. Bxe5 1-0

[Event "Leipzig VfB op 09th"]
[Site "Leipzig"]
[Date "2002.03.10"]
[Round "9"]
[White "Luechtemeier, Peter"]
[Black "Hillmann, Ralf"]
[Result "1-0"]
[WhiteElo "2235"]
[BlackElo "1865"]
[PlyCount "97"]
[EventDate "2002.03.05"]
[EventType "swiss"]
[EventRounds "9"]
[EventCountry "GER"]
[SourceTitle "EXT 2007"]
[Source "ChessBase"]
[SourceDate "2006.11.23"]
[SourceVersion "1"]
[SourceVersionDate "2006.11.23"]
[SourceQuality "1"]

1. d4 c5 2. d5 e5 3. c4 d6 4. e4 Ne7 5. Nc3 Ng6 6. g3 Be7 7. h4 Na6 8. Be3 Bd7 9. h5 Nf8 10. Qd2 Qa5 11. Nge2 h6 12. Nc1 Nh7 13. Be2 Bg5 14. f4 Bf6 15. Nd3 Nb4 16. Nf2 Ba4 17. Rc1 Bd7 18. a3 Na6 19. Nd3 exf4 20. gxf4 Bxc3 21. Qxc3 Qxc3+ 22. Rxc3 Nf6 23. e5 Ne4 24. Rc1 Bf5 25. Rg1 Rg8 26. Nf2 Nxf2 27. Kxf2 Kd7 28. Bg4 Bxg4 29. Rxg4 Nc7 30. exd6 Kxd6 31. f5 Ne8 32. Bxh6 Rh8 33. Bf4+ Kd7 34. Rh1 Ke7 35. Bg5+ Kd7 36. Re4 f6 37. Bf4 Rf8 38. Rhe1 Rf7 39. Kf3 a6 40. Re6 Rc8 41. b3 Ra8 42. Rb6 Kd8 43. Rbe6 Kd7 44. d6 Rd8 45. Re7+ Rxe7 46. Rxe7+ Kc6 47. d7 Rxd7 48. Rxe8 Rd3+ 49. Re3 1-0

[Event "Leipzig VfB op 09th"]
[Site "Leipzig"]
[Date "2002.03.07"]
[Round "5"]
[White "Broberg, Horst"]
[Black "Hillmann, Ralf"]
[Result "1/2-1/2"]
[WhiteElo "2160"]
[BlackElo "1865"]
[PlyCount "49"]
[EventDate "2002.03.05"]
[EventType "swiss"]
[EventRounds "9"]
[EventCountry "GER"]
[SourceTitle "EXT 2007"]
[Source "ChessBase"]
[SourceDate "2006.11.23"]
[SourceVersion "1"]
[SourceVersionDate "2006.11.23"]
[SourceQuality "1"]

1. e4 d5 2. exd5 Qxd5 3. Nc3 Qa5 4. d4 Bf5 5. Nf3 e6 6. Bd2 c6 7. Bc4 Nd7 8. Nd5 Qd8 9. Ne3 Bg6 10. Qe2 Ngf6 11. Bb3 Be7 12. Nc4 Qc7 13. Nce5 Nxe5 14. Nxe5 0-0-0 15. c3 Bd6 16. Bg5 c5 17. Nf3 Bh5 18. dxc5 Bxc5 19. Be3 Nd5 20. 0-0 Nxe3 21. fxe3 Qb6 22. Rfe1 Rd6 23. Qc4 Kb8 24. Qf4 Ka8 25. Ne5 1/2-1/2

[Event "Leipzig VfB op 08th"]
[Site "Leipzig"]
[Date "2001.02.23"]
[Round "6"]
[White "Hillmann, Ralf"]
[Black "Schmidt, Joerg"]
[Result "0-1"]
[WhiteElo "1867"]
[BlackElo "2137"]
[PlyCount "92"]
[EventDate "2001.02.20"]
[EventType "swiss"]
[EventRounds "9"]
[EventCountry "GER"]
[SourceTitle "EXT 2008"]
[Source "ChessBase"]
[SourceDate "2007.11.25"]
[SourceVersion "1"]
[SourceVersionDate "2007.11.25"]
[SourceQuality "1"]

1. d4 Nf6 2. Nf3 g6 3. Bg5 Bg7 4. e3 0-0 5. Bd3 c5 6. c3 b6 7. 0-0 Bb7 8. Nbd2 d6 9. Qe2 Nbd7 10. e4 h6 11. Bxf6 Nxf6 12. Rac1 Nh5 13. Qe3 e5 14. dxe5 dxe5 15. Bc4 Qd7 16. Rcd1 Rad8 17. Bd5 Bxd5 18. Nb1 Qe6 19. exd5 Rxd5 20. Rxd5 Qxd5 21. b3 Rd8 22. Re1 c4 23. bxc4 Qxc4 24. Nxe5 Qxa2 25. Nc6 Rf8 26. Qe7 a5 27. Qb7 Qb2 28. Ne7+ Kh7 29. Nd5 b5 30. Qb6 Re8 31. Rf1 a4 32. g4 Qe2 33. f3 Re6 34. Qa7 Nf6 35. Nf4 Qe3+ 36. Qxe3 Rxe3 37. Kf2 Re5 38. Nd3 Re8 39. Na3 Nd5 40. Nxb5 Nxc3 41. Nxc3 Bxc3 42. Rc1 Bd4+ 43. Kf1 a3 44. Rc2 Rb8 45. Ra2 Rb1+ 46. Ke2 Rb2+ 0-1

[Event "Leipzig VfB op 08th"]
[Site "Leipzig"]
[Date "2001.02.21"]
[Round "2"]
[White "Hillmann, Ralf"]
[Black "Klemm, Dietmar"]
[Result "1/2-1/2"]
[WhiteElo "1867"]
[BlackElo "2184"]
[PlyCount "43"]
[EventDate "2001.02.20"]
[EventType "swiss"]
[EventRounds "9"]
[EventCountry "GER"]
[SourceTitle "EXT 2008"]
[Source "ChessBase"]
[SourceDate "2007.11.25"]
[SourceVersion "1"]
[SourceVersionDate "2007.11.25"]
[SourceQuality "1"]

1. d4 Nf6 2. Nf3 c5 3. c3 g6 4. Bg5 Bg7 5. e3 0-0 6. Bd3 b6 7. 0-0 Bb7 8. Nbd2 d6 9. e4 cxd4 10. cxd4 Nc6 11. a3 Nd7 12. Be3 a6 13. b4 Rc8 14. Rc1 b5 15. Re1 Nb6 16. Qe2 Nb8 17. Bf4 Na4 18. Qe3 Nd7 19. Bh6 Ndb6 20. Bxg7 Kxg7 21. d5 Nd7 22. Qd4+ 1/2-1/2

[Event "Leipzig VfB op 08th"]
[Site "Leipzig"]
[Date "2001.02.21"]
[Round "3"]
[White "Langer, Wolfgang"]
[Black "Hillmann, Ralf"]
[Result "1/2-1/2"]
[WhiteElo "2091"]
[BlackElo "1867"]
[PlyCount "42"]
[EventDate "2001.02.20"]
[EventType "swiss"]
[EventRounds "9"]
[EventCountry "GER"]
[SourceTitle "EXT 2008"]
[Source "ChessBase"]
[SourceDate "2007.11.25"]
[SourceVersion "1"]
[SourceVersionDate "2007.11.25"]
[SourceQuality "1"]

1. d4 c5 2. d5 e5 3. e4 d6 4. Nc3 Ne7 5. Nf3 Ng6 6. g3 Be7 7. Bg2 0-0 8. 0-0 f5 9. exf5 Bxf5 10. Nd2 Qd7 11. a4 Na6 12. Nde4 Bh3 13. Bxh3 Qxh3 14. Bg5 Rf5 15. Qd2 Bxg5 16. Nxg5 Qg4 17. Nce4 Nh4 18. h3 Qxe4 19. Nxe4 Nf3+ 20. Kg2 Nxd2 21. Nxd2 Nb4 1/2-1/2

[Event "Leipzig VfB op 08th"]
[Site "Leipzig"]
[Date "2001.02.20"]
[Round "1"]
[White "Gangloff, Markus"]
[Black "Hillmann, Ralf"]
[Result "0-1"]
[WhiteElo "821"]
[BlackElo "1867"]
[PlyCount "68"]
[EventDate "2001.02.20"]
[EventType "swiss"]
[EventRounds "9"]
[EventCountry "GER"]
[SourceTitle "EXT 2008"]
[Source "ChessBase"]
[SourceDate "2007.11.25"]
[SourceVersion "1"]
[SourceVersionDate "2007.11.25"]
[SourceQuality "1"]

1. e4 d5 2. d3 dxe4 3. dxe4 Nc6 4. Nc3 Qxd1+ 5. Nxd1 Nf6 6. Nc3 e5 7. Bb5 Bd7 8. Be3 Bb4 9. Bd2 Bxc3 10. Bxc3 Nxe4 11. Bxc6 Bxc6 12. Bxe5 0-0-0 13. f3 Ng5 14. Bxg7 Rhe8+ 15. Kf1 Bb5+ 16. c4 Bxc4+ 17. Kf2 Rd2+ 18. Kg3 Re6 19. Bc3 Rd3 20. Kg4 Rg6 21. Ne2 Ne6+ 22. Kf5 Rd5+ 23. Ke4 Nc5+ 24. Ke3 Re6+ 25. Kf4 Bxe2 26. Rhe1 Nd3+ 27. Kg4 Nxe1 28. Rxe1 Rd1 29. Kg3 Rxe1 30. Bxe1 Bc4 31. Bf2 Bxa2 32. Bxa7 b6 33. Bxb6 cxb6 34. Kf4 Re2 0-1